EVERY XWP Royal Rumble Entrant - Statistics

General Stats
  • This quiz has been taken 13 times
  • The average score is 46 of 160
Answer Stats
Hint Answer % Correct
20 | 31 Abigor
60%
7 | 8 | 22 Angel Alexander
60%
11 | 36 Antho
60%
25 | 39 Arrow
60%
1 | 30 Brett Storm
60%
20 | 27 DJ Hero
60%
1 | 6 DoggyDog
60%
10 El Connero
60%
9 | 15 Mahadi Khan
60%
6 | 13 Mario Sanchez
60%
26 Max Mercury
60%
27 | 38 Morpheus
60%
3 Aaron Young
40%
3 Ashley Punk
40%
17 Brendan X
40%
4 | 20 Chris Jericho
40%
4 | 5 Connor
40%
15 Cycloper
40%
9 | 18 Insane Zayn
40%
7 Kat
40%
16 Mark Gun
40%
5 | 21 | 40 Matteo
40%
20 | 27 | 29 Mr Macho
40%
24 Mr. X
40%
11 | 21 Sean Avery
40%
13 | 18 Sean The Saint
40%
22 Undertaker
40%
14 Vandy
40%
14 Adrian Styles
20%
28 AJ Carter
20%
8 Amy Fox
20%
7 Anthony Payne
20%
19 | 33 Basher Malone
20%
3 Blake Douglas
20%
32 Brandon Wolfe
20%
5 Brooke Danger
20%
4 | 5 Casey Jakobs
20%
16 Chris Danger
20%
18 CM Puma
20%
10 | 39 Creep-E
20%
9 Curtis Stunt
20%
5 Dark Storm
20%
34 David Mill
20%
1 Dawn Carr
20%
1 | 10 Demon Spyke
20%
17 | 24 Duncan Cunner
20%
23 Dustin Martinez
20%
11 Flamer
20%
5 | 14 | 23 Francaios
20%
30 | 34 Ginji
20%
14 | 17 Goldberg
20%
7 Gore
20%
40 Gore & Perkins
20%
2 Hugh The King
20%
1 | 37 Jackson Montgomery
20%
10 | 18 | 30 Jacob Cass
20%
15 Jacob Steele
20%
16 Jake Navor
20%
6 Jay Samoa
20%
6 Jesse Rage
20%
13 | 31 Jet Omega Elliot
20%
8 Johnny Ken Ellis
20%
4 Karma
20%
21 | 28 Kenny Taylor
20%
8 Kev Deisal
20%
4 | 7 Keyu
20%
26 | 35 Kid Wild
20%
35 Killer Kai
20%
12 | 26 Lula
20%
6 Manny Lopez
20%
1 | 7 Mohammad Khan
20%
2 Moira
20%
3 Perkins
20%
19 Phenom
20%
20 | 24 PJ Skillz
20%
4 | 29 Quincy Demont
20%
8 Reggie Killer
20%
12 Roacher
20%
36 Rocky Crippler
20%
10 Sasha Firece
20%
9 Scott Razor
20%
3 SDC
20%
2 | 12 | 19 Seth Turner
20%
17 | 22 Shadow
20%
6 Shannon Ocarina
20%
17 Sterling Duval
20%
19 Straight Code Star
20%
13 | 25 | 33 Stunning Bradd
20%
12 Tank
20%
15 | 16 Tech
20%
19 Tee Michaels
20%
38 The Caretaker
20%
9 Titanyana Black
20%
3 | 15 TJ X
20%
14 TKE
20%
2 | 13 Undershock
20%
29 | 37 Victor X
20%
12 Zachary Stephens
20%
2 | 32 Zachary Welch
20%
11 | 18 | 23 Zack Thompson
20%
28 Alex Silver
0%
9 Brent Barnett
0%
10 Casablanca
0%
8 Duke Zynda
0%
No matching quizzes found
Score Distribution
Percent of People with Each Score
Percentile by Number Answered
Your Score History
You have not taken this quiz